| 000 | 01235cam a2200337 a 4500 | ||
|---|---|---|---|
| 003 | CHAP | ||
| 005 | 20220329142136.0 | ||
| 008 | 000105d1994 mx rb 00010 spa d | ||
| 010 | _a79118 | ||
| 011 | _a80090 | ||
| 020 | _a9683632106 | ||
| 035 | _a90532 | ||
| 040 | _cCHAP | ||
| 082 | 0 | 4 |
_a572.016 _bV3 |
| 100 | 0 | 0 |
_aVargas Melgarejo, Luz María. _9118057 |
| 245 | 1 | 0 |
_aBiblio-hemerografía sobre antropología médica (1900-1990) _c/por Luz María Vargas Melgarejo y Carlos Enrique Santillán Hernández |
| 260 |
_aMéxico, D. F. : _bUniversidad Nacional Autónoma de México. Centro Regional de Investigaciones Multidisciplinarias, _c1994. |
||
| 300 | _a405 p. | ||
| 590 |
_aBATCH-UPD _b10 _c20130110 _lUCH01 _h0446 |
||
| 590 |
_aBATCH-UPD _b10 _c20130410 _lUCH01 _h0123 |
||
| 590 |
_aBATCH-UPD _b10 _c20130914 _lUCH01 _h1331 |
||
| 590 |
_aCONVERSION _b10 _c20130109 _lUCH01 _h1344 |
||
| 650 | 1 | 4 |
_aAntropologia _xBibliografia. _96135 |
| 650 | 1 | 4 |
_aEtnobotánica _xBibliografía. _938615 |
| 650 | 1 | 4 |
_aMedicina _xBibliografía. _973900 |
| 700 | 0 |
_aSantillán Hernández, Carlos Enrique. _9102427 |
|
| 901 | _aBK | ||
| 905 | _aLilia Sánchez G. | ||
| 942 | _cLIBRO | ||
| 949 |
_a572.016 V3 _bBC _cC _d33724000744298 _eC _h96653 _i90532 _sb |
||
| 999 |
_c79118 _d79118 |
||